[Event "Schachfestival 2013 - Open"]
[Site "Bad Woerishofen"]
[Date "2013.03.01"]
[Round "2.3"]
[White "Jameson, David"]
[Black "Levin, Felix"]
[Result "0-1"]
[WhiteElo "2113"]
[BlackElo "2512"]
[Annotator "chessorg"]
[PlyCount "102"]
[EventDate "2013.??.??"]
[WhiteTeam "SC-Starnberg"]
[BlackTeam "Schachverein Muelheim-Nord 1931 e"]

1. d4 Nf6 2. c4 e6 3. Nc3 d5 4. cxd5 Nxd5 5. e4 Nxc3 6. bxc3 c5 7. Nf3 cxd4 8.
cxd4 Bb4+ 9. Bd2 Bxd2+ 10. Qxd2 O-O 11. Bc4 Nd7 12. O-O b6 13. d5 Nc5 14. dxe6
Bxe6 15. Bxe6 fxe6 16. Qe3 Qd3 17. Qxd3 Nxd3 18. Rfd1 Nc5 19. Rd6 Rf4 20. e5
Ra4 21. h3 h6 22. a3 Kf7 23. Rd4 Rc8 24. Rxa4 Nxa4 25. Rd1 Ke7 26. Nd4 g5 27.
Rd3 a6 28. Kf1 b5 29. g3 Nb2 30. Rd2 Nc4 31. Rc2 Rc5 32. Kg1 Kd7 33. f4 Rd5 34.
Nb3 Nxa3 35. Rc1 Nc4 36. Ra1 a5 37. Nxa5 Nxa5 38. Rxa5 gxf4 39. gxf4 b4 40. Ra1
b3 41. Kf2 Rd3 42. h4 b2 43. Rb1 Rb3 44. Ke2 Rh3 45. Kd2 Rxh4 46. Ke3 Rh3+ 47.
Ke4 Rb3 48. Kd4 h5 49. Kc4 Rb8 50. Kc3 h4 51. Kc2 Ke7 0-1

[Event "Schachfestival 2013 - Open"]
[Site "Bad Woerishofen"]
[Date "2013.03.01"]
[Round "2.5"]
[White "Gutman, Lev"]
[Black "Stuemer, Paul"]
[Result "1/2-1/2"]
[WhiteElo "2470"]
[BlackElo "2117"]
[Annotator "chessorg"]
[PlyCount "98"]
[EventDate "2013.??.??"]
[WhiteTeam "SV Lingen"]
[BlackTeam "SV Bergneustadt/Derschlag"]

1. Nf3 c5 2. g3 Nc6 3. d4 cxd4 4. Nxd4 Nf6 5. Bg2 g6 6. O-O Bg7 7. Nxc6 bxc6 8.
Nd2 O-O 9. Nb3 Ba6 10. Bd2 Bc4 11. Bc3 Qc8 12. Re1 Be6 13. Qd4 Ne8 14. Qd2 Bxc3
15. Qxc3 Qc7 16. Nc5 a5 17. Rad1 Nd6 18. a4 Qa7 19. Rd4 Nf5 20. Rd3 d6 21. Ne4
Rab8 22. b3 Rb4 23. Ng5 c5 24. Nxe6 fxe6 25. Rf3 e5 26. Bh3 Qa8 27. Bxf5 gxf5
28. Qd2 Rg4 29. h3 Rg6 30. e4 fxe4 31. Rxf8+ Kxf8 32. Qe3 Qc6 33. Qxe4 Qxe4 34.
Rxe4 Kf7 35. Kg2 Kf6 36. Rh4 h6 37. c3 d5 38. Kf3 Kf7 39. b4 axb4 40. cxb4 cxb4
41. Rxb4 Ra6 42. Ke3 Ke6 43. Rh4 Kf7 44. Rh5 Rxa4 45. Rxe5 e6 46. f4 Ra3+ 47.
Kf2 Kf6 48. Rh5 Kg6 49. Re5 Kf6 1/2-1/2

[Event "Schachfestival 2013 - Open"]
[Site "Bad Woerishofen"]
[Date "2013.03.01"]
[Round "2.7"]
[White "Karpatchev, Aleksandr"]
[Black "Hornung, Hans"]
[Result "1-0"]
[WhiteElo "2487"]
[BlackElo "2107"]
[Annotator "chessorg"]
[PlyCount "55"]
[EventDate "2013.??.??"]
[WhiteTeam "SF Bad Mergentheim"]
[BlackTeam "SK Klosterlechfeld"]

1. e4 c5 2. Nf3 e6 3. c3 d5 4. e5 Ne7 5. d4 Nec6 6. a3 Nd7 7. Bd3 c4 8. Bc2 b5
9. Ng5 g6 10. h4 Qe7 11. h5 f6 12. hxg6 fxg5 13. Qh5 Qg7 14. gxh7+ Kd8 15.
Qxg5+ Kc7 16. Qxg7 Bxg7 17. f4 Nf8 18. Nd2 Bd7 19. Nf3 Be8 20. g4 Bg6 21. Bxg6
Nxg6 22. f5 Ngxe5 23. dxe5 exf5 24. gxf5 Nxe5 25. Bf4 Kb7 26. Bxe5 Bxe5 27.
O-O-O Bf4+ 28. Kb1 1-0

[Event "Schachfestival 2013 - Open"]
[Site "Bad Woerishofen"]
[Date "2013.03.01"]
[Round "2.13"]
[White "Matzat, Andre"]
[Black "Pirrot, Dieter"]
[Result "0-1"]
[WhiteElo "2078"]
[BlackElo "2377"]
[Annotator "chessorg"]
[PlyCount "84"]
[EventDate "2013.??.??"]
[WhiteTeam "Oberhausener Schachverein 1887 e"]
[BlackTeam "SV Hofheim"]

1. d4 Nf6 2. Bf4 g6 3. Nf3 Bg7 4. e3 O-O 5. h3 d6 6. Bh2 c5 7. Nbd2 Nc6 8. c3
cxd4 9. exd4 e5 10. dxe5 dxe5 11. Nc4 Nd5 12. Qd2 e4 13. Nfe5 Nxe5 14. Bxe5
Bxe5 15. Nxe5 Re8 16. Nc4 e3 17. fxe3 b5 18. O-O-O Bb7 19. e4 Rxe4 20. Na3 b4
21. cxb4 Rxb4 22. Bc4 Qc7 23. b3 a5 24. Nc2 Rxc4 25. bxc4 Qxc4 26. Qd4 Qxa2 27.
Qb2 Qxb2+ 28. Kxb2 Nf4 29. Rhf1 Nd5 30. Rf2 Ra6 31. Rd3 Rc6 32. g3 Nb6 33. Ne3
Re6 34. Rc2 Be4 35. Rd8+ Kg7 36. Rc7 Bc6 37. Nc2 Bg2 38. h4 Re2 39. Ka3 Be4 40.
Kb2 Nd5 41. Rxd5 Bxd5 42. Rc5 Be4 0-1

[Event "Schachfestival 2013 - Open"]
[Site "Bad Woerishofen"]
[Date "2013.03.01"]
[Round "2.14"]
[White "Estremera Panos, Sergio"]
[Black "Bohnstorff, Michael"]
[Result "1-0"]
[WhiteElo "2365"]
[BlackElo "2073"]
[Annotator "chessorg"]
[PlyCount "32"]
[EventDate "2013.??.??"]
[BlackTeam "SV Winsen"]

1. d4 d5 2. c4 c6 3. Nf3 Nf6 4. Nc3 Bf5 5. cxd5 Nxd5 6. g3 e6 7. Bg2 Be7 8. O-O
Nd7 9. Nd2 Bg4 10. Nc4 O-O 11. f3 Bh5 12. e4 N5b6 13. Ne3 e5 14. dxe5 Nxe5 15.
g4 Bc5 16. Kh1 Qxd1 1-0

[Event "Schachfestival 2013 - Open"]
[Site "Bad Woerishofen"]
[Date "2013.03.01"]
[Round "2.27"]
[White "Riedl, Guenter"]
[Black "Jicman, Ligia Letitia"]
[Result "0-1"]
[WhiteElo "1921"]
[BlackElo "2145"]
[Annotator "chessorg"]
[PlyCount "52"]
[EventDate "2013.??.??"]
[WhiteTeam "SK Marktoberdorf"]
[BlackTeam "C.S.M.Lugoj"]

1. c4 c5 2. Nc3 g6 3. g3 Bg7 4. Bg2 e6 5. e3 Ne7 6. Nge2 O-O 7. O-O Nbc6 8. d4
cxd4 9. Nxd4 Nxd4 10. exd4 d5 11. cxd5 Nxd5 12. Nxd5 exd5 13. Be3 Be6 14. Qb3
Qd7 15. Rac1 Rac8 16. Qa3 b6 17. b3 a5 18. Rxc8 Rxc8 19. Rc1 h5 20. h4 Rxc1+
21. Qxc1 Qb5 22. Qc3 Qe2 23. a4 Qd1+ 24. Kh2 Kh7 25. Bh3 Bxh3 26. Kxh3 Qh1# 0-1

[Event "Schachfestival 2013 - Open"]
[Site "Bad Woerishofen"]
[Date "2013.03.01"]
[Round "2.28"]
[White "Weisenburger, Horst"]
[Black "Wimmer, Alfred"]
[Result "1/2-1/2"]
[WhiteElo "2173"]
[BlackElo "2018"]
[Annotator "chessorg"]
[PlyCount "30"]
[EventDate "2013.??.??"]
[WhiteTeam "SC Boeblingen 1975 e.V."]
[BlackTeam "SC Moosburg 1956 e.V."]

1. f4 Nf6 2. Nf3 d5 3. g3 c6 4. Bg2 Qb6 5. d4 Bf5 6. a4 e6 7. Nbd2 h6 8. O-O c5
9. a5 Qc7 10. c4 Be7 11. h3 O-O 12. Qa4 a6 13. Kh2 Nc6 14. dxc5 Bxc5 15. Nb3
Ba7 1/2-1/2

[Event "Schachfestival 2013 - Open"]
[Site "Bad Woerishofen"]
[Date "2013.03.01"]
[Round "2.44"]
[White "Straub, Hermann"]
[Black "Koch, Harald"]
[Result "1/2-1/2"]
[WhiteElo "1990"]
[BlackElo "1879"]
[Annotator "chessorg"]
[PlyCount "40"]
[EventDate "2013.??.??"]
[WhiteTeam "SK-Frankenthal"]
[BlackTeam "SK Kissing"]

1. b3 d5 2. Bb2 Nf6 3. e3 g6 4. f4 c5 5. Nf3 Nc6 6. Bb5 Bg4 7. Bxc6+ bxc6 8. h3
Bxf3 9. Qxf3 Bg7 10. O-O O-O 11. Be5 Nd7 12. Bxg7 Kxg7 13. Nc3 f5 14. Ne2 e5
15. fxe5 Nxe5 16. Qg3 Qe7 17. Rae1 Rae8 18. Nf4 Kh8 19. Nd3 Rf7 20. Nxe5 Qxe5
1/2-1/2

[Event "Schachfestival 2013 - Open"]
[Site "Bad Woerishofen"]
[Date "2013.03.01"]
[Round "2.79"]
[White "Albert-Thiele, Uwe"]
[Black "Drasch, Robert"]
[Result "0-1"]
[WhiteElo "1655"]
[BlackElo "1996"]
[Annotator "chessorg"]
[PlyCount "34"]
[EventDate "2013.??.??"]
[WhiteTeam "SK-Keres"]
[BlackTeam "DJK SF Haselbach"]

1. c4 e5 2. g3 Nc6 3. Bg2 d6 4. Nf3 g6 5. O-O Bg7 6. b3 e4 7. Nc3 exf3 8. Bxf3
Nge7 9. e3 O-O 10. Bb2 Ne5 11. Be2 Bh3 12. Re1 Qd7 13. Qc2 Bg4 14. d4 Nf3+ 15.
Bxf3 Bxf3 16. Ne2 g5 17. h4 Qh3 0-1

[Event "Schachfestival 2013 - Open"]
[Site "Bad Woerishofen"]
[Date "2013.03.01"]
[Round "2.92"]
[White "Frei, Markus"]
[Black "Humburg, Eduard"]
[Result "1-0"]
[WhiteElo "1962"]
[BlackElo "1440"]
[Annotator "chessorg"]
[PlyCount "53"]
[EventDate "2013.??.??"]
[WhiteTeam "Freibauer Moerlenbach-Birkenau"]
[BlackTeam "SC Wolfratshausen"]

1. e4 e5 2. Nf3 Nc6 3. Bb5 Nd4 4. Nxd4 exd4 5. d3 c6 6. Bc4 b5 7. Bb3 Bb4+ 8.
c3 Bc5 9. Bxf7+ Kf8 10. Bb3 Qf6 11. O-O dxc3 12. bxc3 Bd6 13. d4 Bf4 14. Ba3+
Ne7 15. g3 Qg6 16. Qf3 Ke8 17. Qxf4 Rf8 18. Qc7 Qxe4 19. Nd2 Qd3 20. Rae1 Rf7
21. Bxf7+ Kxf7 22. Rxe7+ Kg6 23. Qd6+ Kh5 24. Ne4 b4 25. Qe5+ Kg4 26. Qf4+ Kh5
27. Qg5# 1-0

[Event "Schachfestival 2013 - Open"]
[Site "Bad Woerishofen"]
[Date "2013.03.01"]
[Round "2.8"]
[White "Römhild, Marcus"]
[Black "Starostits, Ilmars"]
[Result "0-1"]
[WhiteElo "2095"]
[BlackElo "2470"]
[Annotator "chessorg"]
[PlyCount "60"]
[EventDate "2013.??.??"]
[WhiteTeam "LSV Turm Lippstadt"]
[BlackTeam "SC Schwegenheim"]

1. e4 c6 2. d4 d5 3. exd5 cxd5 4. Bd3 Nc6 5. c3 Qc7 6. Ne2 Bg4 7. f3 Bd7 8. Bf4
e5 9. dxe5 Nxe5 10. O-O Bd6 11. Bxe5 Bxe5 12. f4 Bd6 13. Nd2 Nf6 14. Nb3 O-O
15. Nbd4 Rfe8 16. Bf5 Ng4 17. Bxd7 Qxd7 18. Rf3 Bc5 19. Qd3 Re4 20. h3 Rae8 21.
Ng3 Nf6 22. Kh2 Bxd4 23. cxd4 h5 24. Qd2 R4e7 25. Qd3 h4 26. Nf5 Re2 27. Rb1
Nh5 28. Nxh4 R2e4 29. Kg1 Qe6 30. g3 Qxh3 0-1

[Event "Schachfestival 2013 - Open"]
[Site "Bad Woerishofen"]
[Date "2013.03.01"]
[Round "2.10"]
[White "Schiffer, Steve"]
[Black "Zude, Arno"]
[Result "0-1"]
[WhiteElo "2094"]
[BlackElo "2461"]
[Annotator "chessorg"]
[PlyCount "97"]
[EventDate "2013.??.??"]
[WhiteTeam "SV Schachforum Darmstadt 1994"]
[BlackTeam "SV 1920 Hofheim"]

1. e4 e5 2. Nf3 Nc6 3. Bb5 a6 4. Ba4 Nf6 5. O-O Be7 6. Re1 b5 7. Bb3 d6 8. c3
O-O 9. d3 Na5 10. Bc2 c5 11. Nbd2 Re8 12. Nf1 Bf8 13. Ng3 g6 14. h3 Bg7 15. d4
cxd4 16. cxd4 exd4 17. Nxd4 Bb7 18. b3 d5 19. e5 Ne4 20. Nxe4 dxe4 21. Bxe4
Bxe4 22. Rxe4 Rxe5 23. Rxe5 Bxe5 24. Bb2 Qb6 25. Qg4 Rd8 26. Rd1 h5 27. Qe2
Rxd4 28. Bxd4 Bxd4 29. Kf1 Qf6 30. f3 Be5 31. Rd5 Bg3 32. Qd1 Nc6 33. Rc5 Nb4
34. a3 Qb2 35. Rc8+ Kg7 36. Kg1 Nd3 37. Rd8 Bf2+ 38. Kh1 Bd4 39. Qf1 Nf2+ 40.
Kh2 Be5+ 41. Kg1 Nxh3+ 42. Kh1 Nf4 43. a4 h4 44. axb5 axb5 45. Rd1 Qxb3 46. Rb1
Qc4 47. Qe1 Nd3 48. Qe2 Qf4 49. g3 0-1

[Event "Schachfestival 2013 - Open"]
[Site "Bad Woerishofen"]
[Date "2013.03.01"]
[Round "2.15"]
[White "Stull, Norbert"]
[Black "Wichmann, Cliff"]
[Result "0-1"]
[WhiteElo "2058"]
[BlackElo "2349"]
[Annotator "chessorg"]
[PlyCount "78"]
[EventDate "2013.??.??"]
[WhiteTeam "Le Cavalier Differdange"]
[BlackTeam "ESV Nickelhuette Aue"]

1. d4 Nf6 2. c4 e6 3. Nf3 d5 4. Nc3 dxc4 5. e3 c5 6. Bxc4 a6 7. Bb3 b5 8. a4 b4
9. Ne2 Bb7 10. Nf4 Bd6 11. dxc5 Bxf4 12. Qxd8+ Kxd8 13. exf4 Nbd7 14. Be3 Rc8
15. Rc1 Ke7 16. Ne5 Rc7 17. c6 Rhc8 18. cxb7 Rxc1+ 19. Ke2 R8c2+ 20. Kf3 Rxh1
21. Bxc2 Kd6 22. Nc4+ Kc7 23. Na5 Rxh2 24. f5 Rh5 25. g4 Rh3+ 26. Kg2 Rxe3 27.
fxe3 Nxg4 28. fxe6 fxe6 29. Be4 Nxe3+ 30. Kf3 Nd5 31. Bxh7 Kb6 32. Nc4+ Kxb7
33. Bc2 Kc6 34. Ke4 Kc5 35. Nd2 g5 36. Nb3+ Kd6 37. Bd3 N5b6 38. a5 Na4 39.
Bxa6 Ndc5+ 0-1

[Event "Schachfestival 2013 - Open"]
[Site "Bad Woerishofen"]
[Date "2013.03.01"]
[Round "2.19"]
[White "Valet, Richard"]
[Black "Rogobete, Nikolas"]
[Result "0-1"]
[WhiteElo "2056"]
[BlackElo "2244"]
[Annotator "chessorg"]
[PlyCount "78"]
[EventDate "2013.??.??"]
[WhiteTeam "Greifswalder Schachverein"]
[BlackTeam "SC Tuerkheim/Bad Woerishofen"]

1. e4 c5 2. Nc3 Nc6 3. g3 g6 4. Bg2 Bg7 5. d3 d6 6. f4 e6 7. Nf3 Nge7 8. O-O
Rb8 9. Be3 Nd4 10. Bf2 Nec6 11. Nh4 O-O 12. Kh1 Bd7 13. Qd2 b5 14. Nd1 Ne7 15.
c3 Ndc6 16. Ne3 b4 17. Nc4 Qc7 18. Nf3 bxc3 19. bxc3 Na5 20. Nxa5 Qxa5 21. e5
Bc6 22. exd6 Nf5 23. Rac1 Nxd6 24. Ne5 Bxg2+ 25. Kxg2 Qc7 26. Rc2 Rfd8 27. Qe3
Rb5 28. g4 Rdb8 29. Rfc1 Ra5 30. Qf3 Ra6 31. d4 c4 32. Bg3 f6 33. f5 fxe5 34.
dxe5 Nf7 35. f6 Ng5 36. Qe3 Qc6+ 37. Kf1 Bh6 38. Bf4 Qh1+ 39. Ke2 Qg2+ 0-1

[Event "Schachfestival 2013 - Open"]
[Site "Bad Woerishofen"]
[Date "2013.03.01"]
[Round "2.30"]
[White "Schaefer, Michael"]
[Black "Spanton, Timothy"]
[Result "0-1"]
[WhiteElo "2168"]
[BlackElo "2024"]
[Annotator "chessorg"]
[PlyCount "60"]
[EventDate "2013.??.??"]
[WhiteTeam "FB 80 Moerlenbach-Birkenau"]
[BlackTeam "Hastings"]

1. Nf3 Nc6 2. c4 e5 3. Nc3 g6 4. g3 Bg7 5. Bg2 d6 6. O-O f5 7. d3 Nf6 8. Rb1
O-O 9. b4 a6 10. a4 h6 11. b5 axb5 12. axb5 Ne7 13. Qb3 Kh7 14. Nd2 g5 15. Ba3
g4 16. c5 d5 17. c6 bxc6 18. bxc6 e4 19. Bxe7 Qxe7 20. Nxd5 Nxd5 21. Qxd5 e3
22. Nc4 exf2+ 23. Kxf2 Be6 24. Qb5 Bd4+ 25. Ke1 Rab8 26. Qxb8 Rxb8 27. Rxb8
Bxc4 28. Rf4 Bxd3 29. e4 Bc3+ 30. Kd1 Qa3 0-1

[Event "Schachfestival 2013 - Open"]
[Site "Bad Woerishofen"]
[Date "2013.03.01"]
[Round "2.32"]
[White "Kuhne, Detlev"]
[Black "Dierich, Jochen"]
[Result "1-0"]
[WhiteElo "2155"]
[BlackElo "1950"]
[Annotator "chessorg"]
[PlyCount "35"]
[EventDate "2013.??.??"]
[WhiteTeam "Schachclub Hans Clauert Trebbi"]
[BlackTeam "SF Bad Groenenbach"]

1. Nf3 g6 2. c4 Bg7 3. d4 d6 4. g3 Nd7 5. Bg2 e5 6. e4 Ne7 7. O-O O-O 8. Nc3 h6
9. b3 f5 10. dxe5 dxe5 11. Ba3 Rf7 12. Nh4 Kh7 13. Bxe7 Qxe7 14. Nd5 Qd8 15.
exf5 g5 16. Qh5 Qg8 17. Nxc7 Rb8 18. Bd5 1-0

[Event "Schachfestival 2013 - Open"]
[Site "Bad Woerishofen"]
[Date "2013.03.01"]
[Round "2.54"]
[White "Mueller, Wolfgang"]
[Black "Schleich, Theo"]
[Result "0-1"]
[WhiteElo "1917"]
[BlackElo "2099"]
[Annotator "chessorg"]
[PlyCount "40"]
[EventDate "2013.??.??"]
[WhiteTeam "SK Marktoberdorf"]
[BlackTeam "SK Siemens Muenchen"]

1. e4 c5 2. Nf3 e6 3. d4 cxd4 4. Nxd4 Nf6 5. Nc3 Bb4 6. Bg5 Bxc3+ 7. bxc3 Qa5
8. Nb5 a6 9. Nd6+ Ke7 10. Bxf6+ gxf6 11. Qd2 b5 12. Rd1 Ra7 13. e5 Rf8 14.
exf6+ Kd8 15. Bd3 b4 16. Qe3 Nc6 17. O-O Qh5 18. Qb6+ Rc7 19. cxb4 Ne5 20. Qa5
Nf3+ 0-1

[Event "Schachfestival 2013 - Open"]
[Site "Bad Woerishofen"]
[Date "2013.03.01"]
[Round "2.83"]
[White "Titz, Waldemar"]
[Black "Hamlack, Heinz"]
[Result "0-1"]
[WhiteElo "1734"]
[BlackElo "1993"]
[Annotator "chessorg"]
[PlyCount "58"]
[EventDate "2013.??.??"]
[WhiteTeam "SV Rottweil"]
[BlackTeam "PSV Memmingen e.V."]

1. e4 c5 2. Nf3 d6 3. d4 cxd4 4. Nxd4 Nf6 5. Nc3 a6 6. Be3 g6 7. Be2 Bg7 8. O-O
O-O 9. a4 Nc6 10. Rc1 Qa5 11. Nb3 Qc7 12. f4 Rd8 13. Bf3 Na5 14. Nxa5 Qxa5 15.
Qe1 Bg4 16. Qf2 Qh5 17. h3 Bxf3 18. Qxf3 Qxf3 19. Rxf3 d5 20. exd5 Nxd5 21.
Nxd5 Rxd5 22. c3 b5 23. axb5 axb5 24. Rc2 Bf6 25. Rff2 Rd3 26. Bd2 b4 27. Re2
Ra1+ 28. Kh2 b3 29. Rc1 Rxd2 0-1

[Event "Schachfestival 2013 - Open"]
[Site "Bad Woerishofen"]
[Date "2013.03.01"]
[Round "2.24"]
[White "Schelle, Artur"]
[Black "Mack, Thomas"]
[Result "1-0"]
[WhiteElo "2208"]
[BlackElo "2046"]
[Annotator "chessorg"]
[PlyCount "61"]
[EventDate "2013.??.??"]
[WhiteTeam "SC Tarrasch 45 Muenchen"]
[BlackTeam "SC Tarrasch Muenchen"]

1. g3 e5 2. Bg2 Nc6 3. d3 f5 4. Nf3 Nf6 5. O-O Be7 6. c4 O-O 7. Nc3 d6 8. Rb1
Qe8 9. Bg5 Qh5 10. Bxf6 Bxf6 11. Nd5 Bd8 12. Nd2 f4 13. e3 Bg4 14. f3 fxg3 15.
hxg3 Bh3 16. Ne4 Ne7 17. g4 Qh4 18. Qe1 Qxe1 19. Rbxe1 Bxg2 20. Kxg2 c6 21.
Nxe7+ Bxe7 22. f4 exf4 23. exf4 d5 24. cxd5 cxd5 25. Ng3 Bd6 26. Nf5 Rad8 27.
Re6 Bc5 28. Rc1 Bb6 29. Re5 Rfe8 30. Kf3 Kf7 31. Rxe8 1-0

[Event "Schachfestival 2013 - Open"]
[Site "Bad Woerishofen"]
[Date "2013.03.01"]
[Round "2.75"]
[White "Lampert, Jonas"]
[Black "Lindenmair, Anton"]
[Result "1-0"]
[WhiteElo "2281"]
[BlackElo "2059"]
[Annotator "chessorg"]
[PlyCount "79"]
[EventDate "2013.??.??"]
[WhiteTeam "Hamburger SK von 1830 eV"]
[BlackTeam "SK Keres-Augsburg 1980"]

1. d4 Nf6 2. c4 g6 3. Nc3 Bg7 4. e4 d6 5. Be2 O-O 6. Bg5 c5 7. d5 e6 8. Qd2
exd5 9. exd5 Nbd7 10. Nf3 Re8 11. O-O Ne5 12. h3 Nxf3+ 13. Bxf3 Bd7 14. Qf4 h6
15. Bxh6 Bxh6 16. Qxh6 Re5 17. Qd2 Qe7 18. Rfe1 Re8 19. Kf1 Bf5 20. Re2 Rxe2
21. Qxe2 Qd7 22. Qd2 Qe7 23. g4 Be4 24. Re1 Bd3+ 25. Be2 Bxe2+ 26. Rxe2 Qd7 27.
Rxe8+ Qxe8 28. Qe3 a6 29. g5 Qxe3 30. fxe3 Ne8 31. Ne4 Kf8 32. Nf6 Nc7 33. b3
Ke7 34. a4 a5 35. Ke2 Ne8 36. Nxe8 Kxe8 37. Kf3 f5 38. gxf6 Kf7 39. Kf4 Kxf6
40. h4 1-0

[Event "Schachfestival 2013 - Open"]
[Site "Bad Woerishofen"]
[Date "2013.03.01"]
[Round "2.77"]
[White "Dobierzin, Olaf"]
[Black "Calzetta Ruiz, Monica"]
[Result "0-1"]
[WhiteElo "2056"]
[BlackElo "2251"]
[Annotator "chessorg"]
[PlyCount "54"]
[EventDate "2013.??.??"]
[WhiteTeam "Schachgemeinschaft Leipzig"]
[BlackTeam "SK Doppelbauer Kiel"]

1. e4 c5 2. Nf3 Nc6 3. d4 cxd4 4. Nxd4 g6 5. c4 Nf6 6. Nc3 d6 7. Be2 Nxd4 8.
Qxd4 Bg7 9. Be3 O-O 10. Qd2 a5 11. Rd1 Bd7 12. O-O Bc6 13. f3 Nd7 14. b3 Nc5
15. Bd4 Qb6 16. Nd5 Bxd5 17. exd5 Bxd4+ 18. Qxd4 a4 19. Rb1 axb3 20. axb3 Qb4
21. Qe3 Rfe8 22. Bd1 e6 23. dxe6 Rxe6 24. Qd4 Rae8 25. Rb2 Re1 26. Qd2 Qb6 27.
Qd4 Nd3 0-1

[Event "Schachfestival 2013 - Open"]
[Site "Bad Woerishofen"]
[Date "2013.03.02"]
[Round "3.1"]
[White "Epishin, Vladimir"]
[Black "Buchal, Stephan"]
[Result "1-0"]
[WhiteElo "2607"]
[BlackElo "2293"]
[Annotator "chessorg"]
[PlyCount "55"]
[EventDate "2013.??.??"]
[WhiteTeam "Luebecker SV von 1873"]
[BlackTeam "SV Werder Bremen"]

1. d4 g6 2. Nf3 Bg7 3. e4 d6 4. Bc4 Nf6 5. Qe2 O-O 6. O-O Bg4 7. Nbd2 Nc6 8. c3
e5 9. h3 Bxf3 10. Nxf3 exd4 11. cxd4 d5 12. exd5 Nxd5 13. Rd1 Qd6 14. Qe4 Nce7
15. Bg5 c6 16. Re1 Bf6 17. h4 Nf5 18. Rad1 Rad8 19. Bb3 Qb8 20. Ne5 h6 21. Bf4
Qc8 22. h5 Kg7 23. Bh2 Nd6 24. Qe2 Qf5 25. hxg6 fxg6 26. Bc2 Qg5 27. Nxg6 Rfe8
28. Ne5 1-0

[Event "Schachfestival 2013 - Open"]
[Site "Bad Woerishofen"]
[Date "2013.03.02"]
[Round "3.2"]
[White "Lupor, Andre"]
[Black "Teske, Henrik"]
[Result "1/2-1/2"]
[WhiteElo "2293"]
[BlackElo "2513"]
[Annotator "chessorg"]
[PlyCount "63"]
[EventDate "2013.??.??"]
[WhiteTeam "Schachgemeinschaft Ennepe-Ruhr-S"]
[BlackTeam "SC 1950 Remagen"]

1. Nf3 c5 2. c4 g6 3. e4 Bg7 4. d4 cxd4 5. Nxd4 Nc6 6. Be3 Nf6 7. Nc3 O-O 8.
Be2 d6 9. O-O Bd7 10. Qd2 Ng4 11. Bxg4 Bxg4 12. f3 Be6 13. b3 Qa5 14. Rac1 Nxd4
15. Bxd4 Bxd4+ 16. Qxd4 Rfc8 17. f4 Qc5 18. Qf2 Kg7 19. f5 gxf5 20. exf5 Bxf5
21. Nd5 e6 22. Ne7 Qxf2+ 23. Rxf2 Rc5 24. Nxf5+ Rxf5 25. Rxf5 exf5 26. Rd1 Rd8
27. Kf2 Kf6 28. Kf3 Ke5 29. Re1+ Kf6 30. Rd1 Ke5 31. Re1+ Kf6 32. Rd1 1/2-1/2

[Event "Schachfestival 2013 - Open"]
[Site "Bad Woerishofen"]
[Date "2013.03.02"]
[Round "3.5"]
[White "Rogobete, Nikolas"]
[Black "Karpatchev, Aleksandr"]
[Result "1-0"]
[WhiteElo "2244"]
[BlackElo "2487"]
[Annotator "chessorg"]
[PlyCount "141"]
[EventDate "2013.??.??"]
[WhiteTeam "SC Tuerkheim/Bad Woerishofen"]
[BlackTeam "SF Bad Mergentheim"]

1. e4 e5 2. Nf3 Nc6 3. Bb5 a6 4. Bxc6 dxc6 5. d4 exd4 6. Qxd4 Qxd4 7. Nxd4 Bd7
8. Bf4 O-O-O 9. Ne2 Ne7 10. Nbc3 Ng6 11. Bg3 h5 12. h3 h4 13. Bh2 Be6 14. a3
Bc5 15. Rd1 f6 16. O-O Bc4 17. Rfe1 a5 18. Nc1 Bd4 19. Nd3 b5 20. Ne2 Bb6 21.
b3 Bf7 22. Nef4 Rhe8 23. Kf1 Nxf4 24. Bxf4 c5 25. Nb2 Rxd1 26. Nxd1 c4 27. b4
axb4 28. axb4 Bd4 29. c3 Bb6 30. Nb2 Kb7 31. f3 Ra8 32. Be3 Bxe3 33. Rxe3 Ra2
34. Nd1 Kb6 35. Re2 Ra1 36. Rd2 Be8 37. Ke2 c5 38. bxc5+ Kxc5 39. Rd5+ Kb6 40.
Ne3 Bc6 41. Rd1 Ra3 42. Rc1 Kc5 43. Kd2 Bd7 44. Nc2 Ra6 45. Rd1 Ra2 46. Kc1 Be6
47. Kb1 Ra8 48. Kb2 f5 49. e5 Rh8 50. Rd6 Rh6 51. Nb4 Bc8 52. Rd8 Bb7 53. Rd7
Kb6 54. Rxg7 Re6 55. f4 Be4 56. Nc2 Bxc2 57. Kxc2 Re8 58. Rg5 Rf8 59. Rh5 Rg8
60. Rg5 Rf8 61. g3 hxg3 62. Rxg3 Kc5 63. Re3 Re8 64. e6 Re7 65. Re5+ Kc6 66.
Kd2 Kd6 67. Rxb5 Rh7 68. Re5 Ke7 69. Rxf5 Rxh3 70. Re5 Rf3 71. f5 1-0

[Event "Schachfestival 2013 - Open"]
[Site "Bad Woerishofen"]
[Date "2013.03.02"]
[Round "3.6"]
[White "Starostits, Ilmars"]
[Black "Thiel, Kuno"]
[Result "1-0"]
[WhiteElo "2470"]
[BlackElo "2196"]
[Annotator "chessorg"]
[PlyCount "77"]
[EventDate "2013.??.??"]
[WhiteTeam "SC Schwegenheim"]
[BlackTeam "Schachverein Hennef 1927 e.V."]

1. e4 Nf6 2. e5 Nd5 3. d4 d6 4. Nf3 g6 5. Bc4 c6 6. h3 Bg7 7. O-O O-O 8. Bb3
dxe5 9. dxe5 Be6 10. Nd4 Bxe5 11. Nxe6 fxe6 12. Qe2 Nd7 13. Nd2 Qc7 14. Nf3 Rf5
15. c4 N5b6 16. Bh6 Rh5 17. Be3 Rf8 18. Rad1 Rhf5 19. Bh6 R8f6 20. Bg5 Rf7 21.
Rfe1 Rxf3 22. gxf3 Bf4 23. Qxe6 Nc5 24. Bxf4 Qxf4 25. Rd8+ Kg7 26. Qe5+ Qxe5
27. Rxe5 Nxb3 28. axb3 Kf6 29. f4 e6 30. Kg2 Nd7 31. Re3 Nc5 32. b4 Na6 33. Ra3
Ke7 34. Rd4 Nxb4 35. Rxa7 Kf8 36. Rd8+ Kg7 37. Rb8 Nd3 38. Rbxb7 Nxf4+ 39. Kf3
1-0

[Event "Schachfestival 2013 - Open"]
[Site "Bad Woerishofen"]
[Date "2013.03.02"]
[Round "3.7"]
[White "Tennstedt, Andreas"]
[Black "Skembris, Spyridon"]
[Result "0-1"]
[WhiteElo "2194"]
[BlackElo "2448"]
[Annotator "chessorg"]
[PlyCount "74"]
[EventDate "2013.??.??"]
[WhiteTeam "SV Griesheim(DA)"]
[BlackTeam "SK Doppelbauer Kiel"]

1. d4 Nf6 2. c4 g6 3. Nc3 Bg7 4. e4 O-O 5. Be3 d6 6. f3 a6 7. Qd2 Nc6 8. Nge2
Na5 9. Ng3 b5 10. Nd5 Nxc4 11. Bxc4 bxc4 12. Nxf6+ Bxf6 13. Rc1 d5 14. exd5
Qxd5 15. Ne4 Bg7 16. Qc3 Bf5 17. Nd2 Qe6 18. Kf2 c5 19. Nxc4 Rfd8 20. Rhd1 Qf6
21. Qd2 Qh4+ 22. Kg1 Bxd4 23. Qe2 Be6 24. b3 Bxc4 25. bxc4 Rab8 26. Rb1 Rxb1
27. Rxb1 e6 28. Rb3 Bxe3+ 29. Rxe3 Qd4 30. h3 Rb8 31. Qd3 Qa1+ 32. Kh2 Qxa2 33.
Re2 Qa5 34. Qd6 Qb6 35. Qe7 Rb7 36. Qf6 Qd6+ 37. f4 Qd4 0-1

[Event "Schachfestival 2013 - Open"]
[Site "Bad Woerishofen"]
[Date "2013.03.02"]
[Round "3.8"]
[White "Zude, Arno"]
[Black "Pitschka, Claus"]
[Result "1-0"]
[WhiteElo "2461"]
[BlackElo "2216"]
[Annotator "chessorg"]
[PlyCount "81"]
[EventDate "2013.??.??"]
[WhiteTeam "SV 1920 Hofheim"]
[BlackTeam "SC Garching 1980 e.V."]

1. e4 e5 2. Nf3 d6 3. d4 exd4 4. Nxd4 Nf6 5. Nc3 Be7 6. Be2 O-O 7. Bf4 a6 8.
O-O c5 9. Nf3 Nc6 10. Qd2 b5 11. Rfd1 Qb6 12. Qe3 Ng4 13. Qc1 c4 14. Bg3 Be6
15. a4 Rad8 16. axb5 axb5 17. Nd5 Bxd5 18. exd5 Nce5 19. Nd4 Bf6 20. c3 Rfe8
21. Qd2 Nh6 22. Bf4 Ng6 23. Be3 Bxd4 24. Bxd4 Qb7 25. Qc2 Nf4 26. Bf1 Qxd5 27.
Bf6 Qc5 28. Bxd8 Rxd8 29. Qe4 Ne6 30. Ra8 Rxa8 31. Qxa8+ Nf8 32. Qd5 Qc8 33.
Qxb5 Qg4 34. Rd4 Qg6 35. Qxc4 Nf5 36. Bd3 Qg5 37. Bxf5 Qxf5 38. g3 Qb1+ 39. Kg2
Qxb2 40. Rxd6 g6 41. Rd8 1-0